[Event "Deutsche Ländermeisterschaft 2025"]
[Site "Oer-Erkenschwick GER"]
[Date "2025.10.03"]
[Round "4"]
[White "Besou, Hussain"]
[Black "Schwarz, David"]
[Result "1-0"]
[Termination "normal"]
[Board "1.1"]
[WhiteTitle "FM"]
[WhiteElo "2376"]
[BlackElo "2149"]
[WhiteClock "00:23:17"]
[BlackClock "00:25:02"]
[WhiteTeam "Nordrhein-Westfalen 1"]
[BlackTeam "Rheinland-Pfalz"]
[PlyCount "87"]
[WhiteFideId "16269950"]
[BlackFideId "16287614"]
[EventCountry "GER"]
[EventRounds "7"]
[EventType "team-swiss"]
[EventDate "2025.09.30"]

1. c4 {[%clk 01:30:48]} {[%emt 00:00:11]} e6 {[%clk 01:29:51]} {[%emt
00:01:10]} 2. Nf3 {[%clk 01:31:01]} {[%emt 00:00:16]} Nf6 {[%clk 01:30:17]}
{[%emt 00:00:04]} 3. Nc3 {[%clk 01:29:51]} {[%emt 00:01:39]} d5 {[%clk
01:30:03]} {[%emt 00:00:45]} 4. d4 {[%clk 01:30:04]} {[%emt 00:00:16]} Be7
{[%clk 01:29:10]} {[%emt 00:01:24]} 5. Bg5 {[%clk 01:29:23]} {[%emt 00:01:10]}
O-O {[%clk 01:26:30]} {[%emt 00:03:11]} 6. e3 {[%clk 01:29:40]} {[%emt
00:00:12]} b6 {[%clk 01:25:28]} {[%emt 00:01:34]} 7. Qc2 {[%clk 01:21:36]}
{[%emt 00:08:33]} Bb7 {[%clk 01:19:46]} {[%emt 00:06:12]} 8. Bxf6 {[%clk
01:13:28]} {[%emt 00:08:38]} Bxf6 {[%clk 01:20:10]} {[%emt 00:00:06]} 9. cxd5
{[%clk 01:13:27]} {[%emt 00:00:30]} exd5 {[%clk 01:20:35]} {[%emt 00:00:06]}
10. b4 {[%clk 01:12:51]} {[%emt 00:01:06]} c5 {[%clk 01:09:07]} {[%emt
00:11:57]} 11. bxc5 {[%clk 01:11:31]} {[%emt 00:01:50]} bxc5 {[%clk 01:09:26]}
{[%emt 00:00:13]} 12. Rb1 {[%clk 01:08:58]} {[%emt 00:03:02]} cxd4 {[%clk
00:53:45]} {[%emt 00:16:11]} 13. exd4 {[%clk 01:07:01]} {[%emt 00:02:27]} Bc8
{[%clk 00:49:57]} {[%emt 00:04:19]} 14. Bd3 {[%clk 00:42:37]} {[%emt 00:24:53]}
Re8+ {[%clk 00:45:51]} {[%emt 00:04:36]} 15. Ne2 {[%clk 00:39:51]} {[%emt
00:03:16]} Bg4 {[%clk 00:43:36]} {[%emt 00:02:46]} 16. Bxh7+ {[%clk 00:39:51]}
{[%emt 00:00:31]} Kh8 {[%clk 00:41:35]} {[%emt 00:02:30]} 17. Bd3 {[%clk
00:39:47]} {[%emt 00:00:33]} Bxf3 {[%clk 00:36:24]} {[%emt 00:05:42]} 18. gxf3
{[%clk 00:40:12]} {[%emt 00:00:05]} Bxd4 {[%clk 00:36:15]} {[%emt 00:00:39]}
19. O-O {[%clk 00:38:37]} {[%emt 00:02:04]} Bb6 {[%clk 00:31:25]} {[%emt
00:05:20]} 20. Rb5 {[%clk 00:28:05]} {[%emt 00:11:02]} Qg5+ {[%clk 00:27:52]}
{[%emt 00:04:03]} 21. Kh1 {[%clk 00:23:22]} {[%emt 00:05:12]} Nd7 {[%clk
00:27:42]} {[%emt 00:00:41]} 22. Rg1 {[%clk 00:19:35]} {[%emt 00:04:17]} Qh5
{[%clk 00:27:38]} {[%emt 00:00:34]} 23. Be4 {[%clk 00:17:32]} {[%emt 00:02:33]}
Nf6 {[%clk 00:23:21]} {[%emt 00:04:47]} 24. Ng3 {[%clk 00:13:53]} {[%emt
00:04:08]} Qe5 {[%clk 00:20:00]} {[%emt 00:03:52]} 25. Qd2 {[%clk 00:09:28]}
{[%emt 00:04:54]} Rad8 {[%clk 00:18:12]} {[%emt 00:02:19]} 26. Bd3 {[%clk
00:07:51]} {[%emt 00:02:06]} Bc7 {[%clk 00:16:50]} {[%emt 00:01:53]} 27. Rb7
{[%clk 00:05:29]} {[%emt 00:02:52]} Nh5 {[%clk 00:15:47]} {[%emt 00:01:33]} 28.
Rxa7 {[%clk 00:02:00]} {[%emt 00:03:59]} Rb8 {[%clk 00:14:48]} {[%emt
00:01:29]} 29. Qc1 {[%clk 00:01:17]} {[%emt 00:01:13]} Rbc8 {[%clk 00:13:24]}
{[%emt 00:01:53]} 30. Ra4 {[%clk 00:00:38]} {[%emt 00:01:09]} Nf4 {[%clk
00:11:48]} {[%emt 00:02:06]} 31. Qd2 {[%clk 00:00:49]} {[%emt 00:00:19]} Rb8
{[%clk 00:09:48]} {[%emt 00:02:30]} 32. Bc2 {[%clk 00:00:36]} {[%emt 00:00:43]}
Rb6 {[%clk 00:05:27]} {[%emt 00:04:51]} 33. Bf5 {[%clk 00:00:34]} {[%emt
00:00:32]} Rh6 {[%clk 00:03:52]} {[%emt 00:02:06]} 34. Rxf4 {[%clk 00:00:34]}
{[%emt 00:00:30]} Qxf4 {[%clk 00:04:12]} {[%emt 00:00:10]} 35. Qxd5 {[%clk
00:01:00]} {[%emt 00:00:04]} Rd6 {[%clk 00:03:09]} {[%emt 00:01:33]} 36. Qb3
{[%clk 00:00:43]} {[%emt 00:00:46]} Rd2 {[%clk 00:02:14]} {[%emt 00:01:25]} 37.
Rf1 {[%clk 00:00:53]} {[%emt 00:00:21]} Kg8 {[%clk 00:02:38]} {[%emt 00:00:06]}
38. Kg2 {[%clk 00:01:04]} {[%emt 00:00:19]} Rb8 {[%clk 00:02:34]} {[%emt
00:00:34]} 39. Qa3 {[%clk 00:00:54]} {[%emt 00:00:40]} Bd6 {[%clk 00:01:54]}
{[%emt 00:01:10]} 40. Qa7 {[%clk 00:00:44]} {[%emt 00:00:39]} Rdb2 {[%clk
00:00:48]} {[%emt 00:01:37]} 41. Re1 {[%clk 00:25:56]} {[%emt 00:05:18]} Qb4
{[%clk 00:26:20]} {[%emt 00:04:58]} 42. Rc1 {[%clk 00:23:05]} {[%emt 00:03:21]}
Qd2 {[%clk 00:25:52]} {[%emt 00:00:58]} 43. Rc4 {[%clk 00:22:55]} {[%emt
00:00:39]} Rxa2 {[%clk 00:25:02]} {[%emt 00:01:21]} 44. Qxb8+ {[%clk 00:23:17]}
{[%emt 00:00:07]} 1-0

[Event "Deutsche Ländermeisterschaft 2025"]
[Site "Oer-Erkenschwick GER"]
[Date "2025.10.03"]
[Round "4"]
[White "Mader, Fabian"]
[Black "Korchynskyi, Mykola"]
[Result "0-1"]
[Termination "normal"]
[Board "1.2"]
[BlackTitle "FM"]
[WhiteElo "2153"]
[BlackElo "2372"]
[WhiteClock "00:06:22"]
[BlackClock "00:15:25"]
[WhiteTeam "Rheinland-Pfalz"]
[BlackTeam "Nordrhein-Westfalen 1"]
[PlyCount "112"]
[WhiteFideId "16265866"]
[BlackFideId "34138005"]
[EventCountry "GER"]
[EventRounds "7"]
[EventType "team-swiss"]
[EventDate "2025.09.30"]

1. e4 {[%clk 01:30:33]} {[%emt 00:00:04]} e6 {[%clk 01:30:47]} {[%emt
00:00:14]} 2. d4 {[%clk 01:30:53]} {[%emt 00:00:10]} d5 {[%clk 01:31:13]}
{[%emt 00:00:04]} 3. Bd3 {[%clk 01:30:56]} {[%emt 00:00:28]} c5 {[%clk
01:27:50]} {[%emt 00:03:52]} 4. exd5 {[%clk 01:29:29]} {[%emt 00:01:56]} exd5
{[%clk 01:25:51]} {[%emt 00:02:30]} 5. Nf3 {[%clk 01:29:35]} {[%emt 00:00:24]}
c4 {[%clk 01:25:01]} {[%emt 00:01:19]} 6. Be2 {[%clk 01:29:59]} {[%emt
00:00:06]} Nf6 {[%clk 01:24:59]} {[%emt 00:00:32]} 7. O-O {[%clk 01:29:42]}
{[%emt 00:00:47]} Be7 {[%clk 01:14:33]} {[%emt 00:10:56]} 8. b3 {[%clk
01:28:10]} {[%emt 00:02:01]} cxb3 {[%clk 01:14:43]} {[%emt 00:00:20]} 9. axb3
{[%clk 01:28:32]} {[%emt 00:00:09]} O-O {[%clk 01:15:08]} {[%emt 00:00:05]} 10.
c4 {[%clk 01:26:50]} {[%emt 00:02:13]} Nc6 {[%clk 01:11:36]} {[%emt 00:04:02]}
11. h3 {[%clk 01:13:10]} {[%emt 00:14:09]} Ne4 {[%clk 00:56:28]} {[%emt
00:15:38]} 12. Bb2 {[%clk 01:04:24]} {[%emt 00:09:16]} Bf6 {[%clk 00:56:43]}
{[%emt 00:00:15]} 13. Nc3 {[%clk 01:02:15]} {[%emt 00:02:40]} Nxc3 {[%clk
00:56:27]} {[%emt 00:00:45]} 14. Bxc3 {[%clk 01:02:39]} {[%emt 00:00:06]} Bf5
{[%clk 00:49:42]} {[%emt 00:07:15]} 15. Qd2 {[%emt 00:02:21]} Be4 {[%clk
00:48:30]} {[%emt 00:01:38]} 16. Rfd1 {[%clk 00:58:20]} {[%emt 00:03:02]} Re8
{[%clk 00:45:02]} {[%emt 00:03:58]} 17. Qb2 {[%clk 00:43:56]} {[%emt 00:14:54]}
Qd6 {[%clk 00:33:33]} {[%emt 00:12:00]} 18. c5 {[%clk 00:34:05]} {[%emt
00:10:21]} Qf4 {[%clk 00:32:24]} {[%emt 00:01:39]} 19. b4 {[%clk 00:33:19]}
{[%emt 00:01:16]} Ne7 {[%clk 00:31:26]} {[%emt 00:01:27]} 20. b5 {[%clk
00:28:52]} {[%emt 00:04:58]} Ng6 {[%clk 00:22:21]} {[%emt 00:09:35]} 21. b6
{[%clk 00:27:23]} {[%emt 00:01:59]} a6 {[%clk 00:22:21]} {[%emt 00:00:30]} 22.
c6 {[%clk 00:26:09]} {[%emt 00:01:43]} bxc6 {[%clk 00:20:28]} {[%emt 00:02:24]}
23. b7 {[%clk 00:26:04]} {[%emt 00:00:34]} Rab8 {[%clk 00:20:55]} {[%emt
00:00:03]} 24. Rxa6 {[%clk 00:26:08]} {[%emt 00:00:26]} Qc7 {[%clk 00:19:45]}
{[%emt 00:01:38]} 25. Qb6 {[%clk 00:19:26]} {[%emt 00:07:14]} Rxb7 {[%clk
00:19:43]} {[%emt 00:00:32]} 26. Qxc6 {[%clk 00:19:46]} {[%emt 00:00:10]} Qb8
{[%clk 00:15:13]} {[%emt 00:05:00]} 27. Qa4 {[%clk 00:17:13]} {[%emt 00:03:03]}
Nf4 {[%clk 00:14:33]} {[%emt 00:01:09]} 28. Bf1 {[%clk 00:16:23]} {[%emt
00:01:21]} Bxf3 {[%clk 00:08:13]} {[%emt 00:06:50]} 29. gxf3 {[%clk 00:16:46]}
{[%emt 00:00:06]} h6 {[%clk 00:07:26]} {[%emt 00:01:17]} 30. Re1 {[%clk
00:12:52]} {[%emt 00:04:24]} Rc8 {[%clk 00:06:08]} {[%emt 00:01:49]} 31. Rc6
{[%clk 00:09:15]} {[%emt 00:04:07]} Rbc7 {[%clk 00:05:01]} {[%emt 00:01:37]}
32. Rxc7 {[%clk 00:09:04]} {[%emt 00:00:42]} Qxc7 {[%clk 00:05:28]} {[%emt
00:00:03]} 33. Re8+ {[%clk 00:09:20]} {[%emt 00:00:14]} Rxe8 {[%clk 00:05:52]}
{[%emt 00:00:06]} 34. Qxe8+ {[%clk 00:09:45]} {[%emt 00:00:04]} Kh7 {[%clk
00:06:19]} {[%emt 00:00:03]} 35. Qe1 {[%clk 00:00:51]} {[%emt 00:09:25]} Ne6
{[%clk 00:06:30]} {[%emt 00:00:18]} 36. Qd2 {[%clk 00:00:38]} {[%emt 00:00:43]}
g6 {[%clk 00:06:21]} {[%emt 00:00:39]} 37. Qd3 {[%clk 00:00:37]} {[%emt
00:00:31]} Qf4 {[%clk 00:03:30]} {[%emt 00:03:21]} 38. Qe3 {[%clk 00:00:32]}
{[%emt 00:00:36]} Qf5 {[%clk 00:03:32]} {[%emt 00:00:27]} 39. Kh2 {[%clk
00:00:38]} {[%emt 00:00:24]} Bd8 {[%clk 00:03:29]} {[%emt 00:00:34]} 40. Bd2
{[%clk 00:00:43]} {[%emt 00:00:25]} Bc7+ {[%clk 00:02:04]} {[%emt 00:01:55]}
41. Kh1 {[%clk 00:29:47]} {[%emt 00:01:25]} Bf4 {[%clk 00:32:18]} {[%emt
00:00:16]} 42. Qc3 {[%clk 00:29:15]} {[%emt 00:01:02]} Bxd2 {[%clk 00:30:29]}
{[%emt 00:02:19]} 43. Qxd2 {[%clk 00:28:59]} {[%emt 00:00:47]} Qxf3+ {[%clk
00:30:56]} {[%emt 00:00:03]} 44. Bg2 {[%clk 00:29:04]} {[%emt 00:00:25]} Qf5
{[%clk 00:31:21]} {[%emt 00:00:05]} 45. Qe3 {[%clk 00:24:56]} {[%emt 00:04:38]}
Nf4 {[%clk 00:31:26]} {[%emt 00:00:25]} 46. Qf3 {[%clk 00:23:41]} {[%emt
00:01:45]} Kg7 {[%clk 00:31:18]} {[%emt 00:00:38]} 47. Kh2 {[%clk 00:22:49]}
{[%emt 00:01:22]} Kf6 {[%clk 00:28:22]} {[%emt 00:03:26]} 48. Bf1 {[%clk
00:22:44]} {[%emt 00:00:36]} g5 {[%clk 00:23:56]} {[%emt 00:04:56]} 49. Kg1
{[%clk 00:22:07]} {[%emt 00:01:07]} Qe4 {[%clk 00:22:07]} {[%emt 00:02:18]} 50.
Qc3 {[%clk 00:20:41]} {[%emt 00:01:56]} Qb1 {[%clk 00:20:20]} {[%emt 00:02:17]}
51. Qf3 {[%clk 00:18:46]} {[%emt 00:02:26]} Qc1 {[%clk 00:16:17]} {[%emt
00:04:33]} 52. Qe3 {[%clk 00:10:05]} {[%emt 00:09:11]} Qd1 {[%clk 00:15:19]}
{[%emt 00:01:28]} 53. Qe5+ {[%clk 00:09:16]} {[%emt 00:01:20]} Kg6 {[%clk
00:15:45]} {[%emt 00:00:04]} 54. Qe3 {[%clk 00:09:29]} {[%emt 00:00:17]} Ne6
{[%clk 00:15:08]} {[%emt 00:01:06]} 55. Kg2 {[%clk 00:06:10]} {[%emt 00:03:49]}
Qxd4 {[%clk 00:15:20]} {[%emt 00:00:18]} 56. Bd3+ {[%clk 00:06:22]} {[%emt
00:00:18]} Kf6 {[%clk 00:15:25]} {[%emt 00:00:25]} 0-1

[Event "Deutsche Ländermeisterschaft 2025"]
[Site "Oer-Erkenschwick GER"]
[Date "2025.10.03"]
[Round "4"]
[White "Gallasch, Jonas"]
[Black "Weber, Nikita"]
[Result "1-0"]
[Termination "normal"]
[Board "1.3"]
[WhiteTitle "FM"]
[WhiteElo "2304"]
[BlackElo "2057"]
[WhiteClock "00:20:43"]
[BlackClock "00:32:38"]
[WhiteTeam "Nordrhein-Westfalen 1"]
[BlackTeam "Rheinland-Pfalz"]
[PlyCount "89"]
[WhiteFideId "16222474"]
[BlackFideId "34608770"]
[EventCountry "GER"]
[EventRounds "7"]
[EventType "team-swiss"]
[EventDate "2025.09.30"]

1. e4 {[%clk 01:30:44]} {[%emt 00:00:14]} e6 {[%clk 01:30:46]} {[%emt
00:00:15]} 2. d3 {[%clk 01:31:09]} {[%emt 00:00:05]} d5 {[%clk 01:31:11]}
{[%emt 00:00:05]} 3. Nd2 {[%clk 01:31:36]} {[%emt 00:00:02]} Nf6 {[%clk
01:31:33]} {[%emt 00:00:08]} 4. Ngf3 {[%clk 01:32:01]} {[%emt 00:00:05]} Be7
{[%clk 01:31:46]} {[%emt 00:00:16]} 5. g3 {[%clk 01:32:24]} {[%emt 00:00:08]}
O-O {[%clk 01:32:10]} {[%emt 00:00:07]} 6. Bg2 {[%clk 01:32:51]} {[%emt
00:00:02]} a5 {[%clk 01:32:22]} {[%emt 00:00:19]} 7. O-O {[%clk 01:33:12]}
{[%emt 00:00:09]} a4 {[%clk 01:31:53]} {[%emt 00:00:58]} 8. a3 {[%clk
01:33:35]} {[%emt 00:00:07]} Nc6 {[%clk 01:19:34]} {[%emt 00:12:48]} 9. Re1
{[%clk 01:28:52]} {[%emt 00:05:15]} Nd7 {[%clk 01:06:44]} {[%emt 00:13:19]} 10.
e5 {[%clk 01:21:16]} {[%emt 00:08:06]} f6 {[%clk 01:03:11]} {[%emt 00:04:04]}
11. d4 {[%clk 01:11:28]} {[%emt 00:10:18]} fxe5 {[%clk 01:02:52]} {[%emt
00:00:49]} 12. dxe5 {[%clk 01:11:53]} {[%emt 00:00:05]} Bc5 {[%clk 00:58:26]}
{[%emt 00:04:55]} 13. Nf1 {[%clk 01:07:35]} {[%emt 00:04:49]} Qe7 {[%clk
00:54:25]} {[%emt 00:04:30]} 14. Bf4 {[%clk 00:58:51]} {[%emt 00:09:14]} h6
{[%clk 00:51:00]} {[%emt 00:03:57]} 15. h4 {[%clk 00:58:03]} {[%emt 00:01:18]}
g5 {[%clk 00:30:55]} {[%emt 00:20:35]} 16. hxg5 {[%clk 00:55:38]} {[%emt
00:02:54]} hxg5 {[%clk 00:30:48]} {[%emt 00:00:37]} 17. Nxg5 {[%clk 00:56:02]}
{[%emt 00:00:06]} Bxf2+ {[%clk 00:31:11]} {[%emt 00:00:07]} 18. Kxf2 {[%clk
00:56:28]} {[%emt 00:00:04]} Qxg5 {[%clk 00:31:28]} {[%emt 00:00:12]} 19. Kg1
{[%clk 00:56:54]} {[%emt 00:00:04]} Qg7 {[%clk 00:27:57]} {[%emt 00:04:01]} 20.
Qh5 {[%clk 00:50:20]} {[%emt 00:07:04]} Rf5 {[%clk 00:28:06]} {[%emt 00:00:22]}
21. Qe8+ {[%clk 00:46:47]} {[%emt 00:04:02]} Nf8 {[%clk 00:28:28]} {[%emt
00:00:08]} 22. Ne3 {[%clk 00:47:02]} {[%emt 00:00:16]} Rf7 {[%clk 00:28:41]}
{[%emt 00:00:17]} 23. Rf1 {[%clk 00:46:18]} {[%emt 00:01:13]} Qg6 {[%clk
00:18:45]} {[%emt 00:10:27]} 24. Ng4 {[%clk 00:39:21]} {[%emt 00:07:27]} Qxg4
{[%clk 00:18:50]} {[%emt 00:00:25]} 25. Bh6 {[%clk 00:39:48]} {[%emt 00:00:03]}
Qg6 {[%clk 00:18:43]} {[%emt 00:00:37]} 26. Rxf7 {[%clk 00:40:05]} {[%emt
00:00:13]} Qxf7 {[%clk 00:19:10]} {[%emt 00:00:02]} 27. Qxf7+ {[%clk 00:40:29]}
{[%emt 00:00:06]} Kxf7 {[%clk 00:19:37]} {[%emt 00:00:03]} 28. Rf1+ {[%clk
00:40:54]} {[%emt 00:00:05]} Kg6 {[%clk 00:19:12]} {[%emt 00:00:56]} 29. Rf6+
{[%clk 00:40:57]} {[%emt 00:00:27]} Kh7 {[%clk 00:19:36]} {[%emt 00:00:06]} 30.
Bxf8 {[%clk 00:40:43]} {[%emt 00:00:44]} Nxe5 {[%clk 00:19:51]} {[%emt
00:00:15]} 31. Bb4 {[%clk 00:34:02]} {[%emt 00:07:11]} Kg7 {[%clk 00:19:08]}
{[%emt 00:01:13]} 32. Rf2 {[%clk 00:32:54]} {[%emt 00:01:38]} Ng4 {[%clk
00:17:35]} {[%emt 00:02:03]} 33. Rf4 {[%clk 00:29:22]} {[%emt 00:04:01]} Ne3
{[%clk 00:13:00]} {[%emt 00:05:05]} 34. Bc3+ {[%clk 00:25:48]} {[%emt
00:04:03]} Kg8 {[%clk 00:13:20]} {[%emt 00:00:11]} 35. Bf3 {[%clk 00:14:47]}
{[%emt 00:11:31]} Nf5 {[%clk 00:10:11]} {[%emt 00:03:38]} 36. Bh5 {[%clk
00:12:21]} {[%emt 00:02:56]} Bd7 {[%clk 00:07:02]} {[%emt 00:03:39]} 37. g4
{[%clk 00:12:48]} {[%emt 00:00:04]} Nd6 {[%clk 00:06:47]} {[%emt 00:00:45]} 38.
Rf6 {[%clk 00:10:44]} {[%emt 00:02:34]} Ne4 {[%clk 00:07:08]} {[%emt 00:00:09]}
39. Rg6+ {[%clk 00:11:04]} {[%emt 00:00:11]} Kf8 {[%clk 00:07:00]} {[%emt
00:00:38]} 40. Be5 {[%clk 00:10:19]} {[%emt 00:01:15]} Rc8 {[%clk 00:05:42]}
{[%emt 00:01:47]} 41. Rh6 {[%clk 00:20:18]} {[%emt 00:20:31]} Be8 {[%clk
00:34:52]} {[%emt 00:01:20]} 42. Rh8+ {[%clk 00:20:43]} {[%emt 00:00:06]} Ke7
{[%clk 00:35:18]} {[%emt 00:00:03]} 43. Rh7+ {[%clk 00:21:11]} {[%emt
00:00:02]} Kf8 {[%clk 00:32:29]} {[%emt 00:03:19]} 44. Kg2 {[%clk 00:21:38]}
{[%emt 00:00:04]} Ng5 {[%clk 00:32:38]} {[%emt 00:00:21]} 45. Rh8+ {[%clk
00:20:43]} {[%emt 00:01:25]} 1-0

[Event "Deutsche Ländermeisterschaft 2025"]
[Site "Oer-Erkenschwick GER"]
[Date "2025.10.03"]
[Round "4"]
[White "Vranckx, Oscar"]
[Black "Möller, Maurin"]
[Result "0-1"]
[Termination "normal"]
[Board "1.4"]
[BlackTitle "FM"]
[WhiteElo "2117"]
[BlackElo "2317"]
[WhiteClock "00:48:21"]
[BlackClock "00:10:32"]
[WhiteTeam "Rheinland-Pfalz"]
[BlackTeam "Nordrhein-Westfalen 1"]
[PlyCount "82"]
[WhiteFideId "34608788"]
[BlackFideId "16265696"]
[EventCountry "GER"]
[EventRounds "7"]
[EventType "team-swiss"]
[EventDate "2025.09.30"]

1. e4 {[%clk 01:30:59]} e6 {[%clk 01:30:49]} {[%emt 00:00:11]} 2. d4 {[%clk
01:31:24]} {[%emt 00:00:05]} d5 {[%clk 01:31:14]} {[%emt 00:00:05]} 3. Nc3
{[%clk 01:31:49]} {[%emt 00:00:04]} Nf6 {[%clk 01:31:39]} {[%emt 00:00:05]} 4.
Bg5 {[%clk 01:32:14]} {[%emt 00:00:05]} h6 {[%clk 01:31:53]} {[%emt 00:00:16]}
5. Bxf6 {[%clk 01:32:37]} {[%emt 00:00:06]} Qxf6 {[%clk 01:32:19]} {[%emt
00:00:04]} 6. a3 {[%clk 01:33:00]} {[%emt 00:00:06]} c6 {[%clk 01:20:35]}
{[%emt 00:12:15]} 7. Nf3 {[%clk 01:31:40]} {[%emt 00:01:49]} Nd7 {[%clk
01:20:53]} {[%emt 00:00:12]} 8. Bd3 {[%clk 01:31:02]} {[%emt 00:01:08]} Qd8
{[%clk 01:15:54]} {[%emt 00:05:28]} 9. Qe2 {[%clk 01:27:47]} {[%emt 00:03:45]}
Be7 {[%clk 01:16:05]} {[%emt 00:00:20]} 10. O-O {[%clk 01:27:08]} {[%emt
00:01:10]} O-O {[%clk 01:13:19]} {[%emt 00:03:16]} 11. b4 {[%clk 01:25:19]}
{[%emt 00:02:19]} dxe4 {[%clk 01:03:59]} {[%emt 00:09:50]} 12. Nxe4 {[%clk
01:25:38]} {[%emt 00:00:11]} Qc7 {[%clk 01:04:24]} {[%emt 00:00:05]} 13. Ng3
{[%clk 01:23:26]} {[%emt 00:02:42]} Nf6 {[%clk 00:55:41]} {[%emt 00:09:12]} 14.
Ne5 {[%clk 01:16:15]} {[%emt 00:07:42]} Rd8 {[%clk 00:55:26]} {[%emt 00:00:44]}
15. c3 {[%clk 01:16:12]} {[%emt 00:00:33]} Nd5 {[%clk 00:38:44]} {[%emt
00:17:12]} 16. Qe4 {[%clk 01:12:08]} {[%emt 00:04:34]} f5 {[%clk 00:37:09]}
{[%emt 00:02:06]} 17. Qe1 {[%clk 01:12:28]} {[%emt 00:00:08]} b6 {[%clk
00:36:56]} {[%emt 00:00:44]} 18. Nh5 {[%clk 01:08:36]} {[%emt 00:04:22]} c5
{[%clk 00:34:57]} {[%emt 00:02:29]} 19. Rc1 {[%clk 01:06:25]} {[%emt 00:02:42]}
Kh7 {[%clk 00:26:36]} {[%emt 00:08:51]} 20. f4 {[%clk 01:02:56]} {[%emt
00:03:59]} g6 {[%clk 00:18:23]} {[%emt 00:08:43]} 21. Nxg6 {[%clk 00:58:22]}
{[%emt 00:05:04]} Kxg6 {[%clk 00:18:48]} {[%emt 00:00:05]} 22. Qg3+ {[%clk
00:58:47]} {[%emt 00:00:04]} Bg5 {[%clk 00:19:13]} {[%emt 00:00:05]} 23. h4
{[%clk 00:58:03]} {[%emt 00:01:14]} Kxh5 {[%clk 00:18:57]} {[%emt 00:00:47]}
24. hxg5 {[%clk 00:58:20]} {[%emt 00:00:12]} Kg6 {[%clk 00:19:22]} {[%emt
00:00:05]} 25. gxh6+ {[%clk 00:58:44]} {[%emt 00:00:06]} Kh7 {[%clk 00:19:48]}
{[%emt 00:00:05]} 26. c4 {[%clk 00:56:47]} {[%emt 00:02:26]} Nf6 {[%clk
00:15:09]} {[%emt 00:05:09]} 27. d5 {[%clk 00:55:47]} {[%emt 00:01:31]} Rg8
{[%clk 00:15:02]} {[%emt 00:00:37]} 28. Qh4 {[%clk 00:54:59]} {[%emt 00:01:17]}
Qf7 {[%clk 00:14:50]} {[%emt 00:00:42]} 29. Rce1 {[%clk 00:55:01]} {[%emt
00:00:28]} Bd7 {[%clk 00:12:42]} {[%emt 00:02:38]} 30. Re5 {[%clk 00:50:35]}
{[%emt 00:04:56]} Rg4 {[%clk 00:11:44]} {[%emt 00:01:28]} 31. Qh3 {[%clk
00:51:00]} {[%emt 00:00:05]} Rag8 {[%clk 00:11:45]} {[%emt 00:00:29]} 32. dxe6
{[%clk 00:49:12]} {[%emt 00:02:18]} Bxe6 {[%clk 00:09:38]} {[%emt 00:02:37]}
33. Rfe1 {[%clk 00:48:59]} {[%emt 00:00:42]} Rxg2+ {[%clk 00:09:20]} {[%emt
00:00:49]} 34. Qxg2 {[%clk 00:48:21]} {[%emt 00:01:08]} Rxg2+ {[%clk 00:09:43]}
{[%emt 00:00:07]} 35. Kxg2 {[%clk 00:48:46]} {[%emt 00:00:05]} Qg6+ {[%clk
00:09:36]} {[%emt 00:00:38]} 36. Kf1 {[%clk 00:49:05]} {[%emt 00:00:10]} Qg3
{[%clk 00:09:25]} {[%emt 00:00:41]} 37. Rxe6 {[%clk 00:48:43]} {[%emt
00:00:52]} Qxd3+ {[%clk 00:09:49]} {[%emt 00:00:06]} 38. Kg2 {[%clk 00:48:45]}
{[%emt 00:00:28]} Ne4 {[%clk 00:09:36]} {[%emt 00:00:43]} 39. Re7+ {[%clk
00:48:38]} {[%emt 00:00:37]} Kxh6 {[%clk 00:09:53]} {[%emt 00:00:13]} 40. Rh1+
{[%clk 00:48:14]} {[%emt 00:00:54]} Kg6 {[%clk 00:10:18]} {[%emt 00:00:05]} 41.
Rg1 {[%clk 00:48:21]} {[%emt 00:00:22]} Kf6 {[%clk 00:10:32]} {[%emt 00:00:16]}
0-1